Reglamento para el buen régimen y gobierno del Ateneo Igualadino de la Clase Obrera
Descripción Física:
15 p. ; 21 cm
MARC
| LEADER | 00000nam a2200000Ia 4500 | ||
|---|---|---|---|
| 001 | 16248 | ||
| 003 | BGR | ||
| 005 | 20260324180135.0 | ||
| 008 | 160829s9999 xx 000 0 cat d | ||
| 080 | |a 2103, exp. 1 | ||
| 110 | 2 | |a Ateneu Igualadí de la Classe Obrera |9 70534 | |
| 245 | |a Reglamento para el buen régimen y gobierno del Ateneo Igualadino de la Clase Obrera | ||
| 260 | |a Igualada : |b (Imp. de la viuda de Abadal e hijo), [1872] | ||
| 300 | |a 15 p. ; |c 21 cm | ||
| 590 | |a Signat pel president Juan Martí y Gabarró i el secretari Jaime Valls | ||
| 650 | |a Ateneu Igualadí de la Classe Obrera |x Reglaments i procediment |9 47559 | ||
| 901 | |a Arxiu | ||
| 942 | |n 1 |2 udc |c MON | ||
| 952 | |0 0 |1 0 |4 0 |6 2103_EXP_1 |7 1 |9 53964 |a Arxiu |b Arxiu |d 2016-12-01 |l 0 |o 2103, exp. 1 |p 16248 |r 2016-12-01 00:00:00 |w 2016-12-01 |y ARXIU | ||
| 999 | |c 57831 |d 57831 | ||